Escola.Escola. Quem és tu? (Registo nº 838)

Detalhes MARC
000 -Etiqueta do registo
Valores 00458nam a22001451i 4500
090 ## -
-- 838
100 ## - Dados gerais de processamento
Dados gerais 20170304u u u0frey50 ba
200 1# - Titulo e menção de responsabilidade
Primeira menção de responsabilidade Nelson Mendes
Título próprio Escola.Escola. Quem és tu?
215 ## - Descrição física 
Paginação / Volumes 397p
Dimensões '22 cm'
210 ## - Publicação
Nome do editor Básica
Data de publicação 1977
700 #1 - Autor principal (pessoa individual)
Apelido Mendes
Nome Nelson
-- 070
701 #1 - Co-autor principal (pessoa individual)
Apelido Fonseca
Nome Vítor da
-- 070
996 ## - ISO2709
-- 0000910
-- MEN
-- 00000000
-- 00000000
-- BMVA
-- 1
-- Viana do Alentejo
-- Educação. Ensino. Pedagogia
-- 21
-- Livro
-- 0
-- 1
990 ## - Elementos KOHA
Tipo de documento Livro
Exemplares
Situação do levantamento Estado Biblioteca de origem Biblioteca de empréstimo Código de barras Cota Permissão de empréstimo Tipo de documento Nota relativa ao exemplar
  Completo Biblioteca Municipal de Viana Do Alentejo Biblioteca Municipal de Viana Do Alentejo 0000913 159.9 MEN Disponível Livro Em depósito caixa 34 VNT




Powered by Koha